NLSUI OPAC header image

Goods services tax in India : a remedy to all problems? (Record no. 216912)

MARC details
000 -LEADER
fixed length control field 00509nam a2200145Ia 4500
005 - DATE AND TIME OF LATEST TRANSACTION
control field 20260209120127.0
008 - FIXED-LENGTH DATA ELEMENTS--GENERAL INFORMATION
fixed length control field 260209s9999||||xx |||||||||||||| ||und||
100 ## - MAIN ENTRY--PERSONAL NAME
Personal name Ajitesh Mohan
245 #0 - TITLE STATEMENT
Title Goods services tax in India : a remedy to all problems?
260 ## - PUBLICATION, DISTRIBUTION, ETC.
Place of publication, distribution, etc. BangaloreBangalore
Name of publisher, distributor, etc. NLSIU
Date of publication, distribution, etc. 2010
300 ## - PHYSICAL DESCRIPTION
Extent 92 p. ; 25 cm.
650 ## - SUBJECT ADDED ENTRY--TOPICAL TERM
Topical term or geographic name entry element Goods and Services Tax - India
700 ## - ADDED ENTRY--PERSONAL NAME
Personal name Justice S Rajendra Babu - GuideJustice S Rajendra Babu - Guide
856 ## - ELECTRONIC LOCATION AND ACCESS
Uniform Resource Identifier <a href="https://dans.nls.ac.in/handle/123456789/2027">https://dans.nls.ac.in/handle/123456789/2027</a>
Holdings
Withdrawn status Lost status Damaged status Not for loan Home library Current library Date acquired Total Checkouts Barcode Date last seen Price effective from Koha item type
        NLS NLS 09/02/2026   LLM277 09/02/2026 09/02/2026 Dissertation